Sataniel / (Record no. 165639)

MARC details
000 -LEADER
campo de control de longitud fija 00694nam a22002055i 4500
001 - NÚMERO DE CONTROL
campo de control 165639
003 - IDENTIFICADOR DE NÚMERO DE CONTROL
campo de control ES-MaACL
005 - FECHA Y HORA DE LA ÚLTIMA TRANSACCIÓN
campo de control 20250703063544.0
008 - DATOS DE LONGITUD FIJA--INFORMACIÓN GENERAL
campo de control de longitud fija 010427s1853 sp f |||| | spa d
040 ## - FUENTE DE CATALOGACIÓN
Centro catalogador/agencia de origen CCPB | B
Lengua de catalogación spa
Centro/agencia transcriptor CCPB | B
100 1# - ENTRADA PRINCIPAL--NOMBRE DE PERSONA
Nombre de persona Soulié, Frédéric,
Fechas asociadas al nombre 1800-1847
9 (RLIN) 107564
240 10 - TÍTULO UNIFORME
Título uniforme Sathaniel.
Lenguaje de la obra Castellano
245 10 - MENCIÓN DEL TÍTULO
Título Sataniel /
Mención de responsabilidad, etc. novela por Federico Soulié.
260 ## - PUBLICACIÓN, DISTRIBUCIÓN, ETC.
Lugar de publicación, distribución, etc. Madrid :
Nombre del editor, distribuidor, etc. [s.n.],
Fecha de publicación, distribución, etc. 1853 (
Fabricante establecimiento tipográfico de Mellado)
300 ## - DESCRIPCIÓN FÍSICA
Extensión 120 p., [21] h. de grab. ;
Dimensiones 24 cm.
752 ## - ENTRADA AGREGADA--NOMBRE JERÁRQUICO DEL LUGAR
País o entidad superior España -
Ciudad Madrid
852 ## - LOCALIZACIÓN
Ubicación ES-MaACL
Número de control de estantería C-2812 (3)
Nota libre -- Enc. hol.
-- -- Legado M. de la Fuente
942 ## - ELEMENTOS DE ENTRADA SECUNDARIOS (KOHA)
Fuente del sistema de clasificación o colocación Clasificación decimal universal
Holdings
Estatus retirado Estado de pérdida Estado de daño No para préstamo Colección Biblioteca de origen Biblioteca actual Ubicación en estantería Fecha de adquisición Fuente de adquisición Total de préstamos Signatura topográfica completa Código de barras Visto por última vez Precio de reemplazo Tipo de ítem Koha
        Libros del s. XIX Biblioteca del Ateneo de Madrid Biblioteca del Ateneo de Madrid Sala Palomar 17/01/2008     C-2812 (3) 1173709 23/02/2023 23/02/2023 Libro impreso antiguo